Věřte v mé přátelství : dialog z korespondence Juliuse Zeyera a Zdenky Braunerové /

Hlavní autor: Zeyer, Julius, 1841-1901
Další autoři: Braunerová, Zdenka, 1858-1934, Protiva, Josef, 1937-2017
Jazyk: Čeština
Vydáno: Praha : Divadelní a literární agentura, 1979
Vydání: 1. nákl.
Fyzický popis: 34 s.
Knihy
Uloženo v:
LEADER 00978nam a22002772a 4500
001 000356849
003 CZ BrMZK
005 20021024095344.0
007 ta
008 010907s1979 xr f cze d
015 |a cnb001511778 
035 |a (OCoLC)85587760 
040 |a BOA001  |b cze  |c BOA001 
080 |a 885.0-6  |2 MRF 
080 |a 76(437.1)"18":92 Braunerová  |2 MRF 
080 |a 885.0"18":92 Zeyer  |2 MRF 
100 1 |a Zeyer, Julius,  |d 1841-1901  |7 jk01152552  |4 aut 
245 1 0 |a Věřte v mé přátelství :  |b dialog z korespondence Juliuse Zeyera a Zdenky Braunerové /  |c sestavil Josef Protiva 
250 |a 1. nákl. 
260 |a Praha :  |b Divadelní a literární agentura,  |c 1979 
300 |a 34 s. 
700 1 |a Braunerová, Zdenka,  |d 1858-1934  |7 jk01013026  |4 aut 
700 1 |a Protiva, Josef,  |d 1937-2017  |7 jn20010310169  |4 com 
910 |a BOA001  |b 4-0805.451 
990 |a BK 
996 7 |b 2619811541  |c 4-0805.451  |l MZK  |r Sklad / do 1 hodiny  |n 20  |w 000356849  |u 000010  |a 1  |e BOA001  |j MZK50  |s A